| 000 | 00552nam a2200169 4500 | ||
|---|---|---|---|
| 020 | _a047110583X | ||
| 082 | 0 | 0 |
_a721 _bBRO _cL-38, P-117 |
| 100 | 1 |
_aBroadbent, Geoffrey. _932571 |
|
| 245 | 1 | 0 |
_aDesign in architecture; _barchitecture and the human sciences. |
| 260 |
_aLondon, _aNew York, _bJohn Wiley & Sons _c[1973] |
||
| 300 |
_axiv, 504 p. _billus. _c23 cm. |
||
| 526 |
_a0 _b0 _c0 _d721_000000000000000_BRO |
||
| 650 | 0 |
_aArchitectural design. _931720 |
|
| 650 | 0 |
_aEnvironmental engineering. _91550 |
|
| 650 | 0 | _aStructural design. | |
| 942 |
_2ddc _cBK |
||
| 999 |
_c549205 _d549205 |
||